The economics of R and D policy

সংরক্ষণ করুন:
গ্রন্থ-পঞ্জীর বিবরন
প্রধান লেখক: Tolley, George S.
বিন্যাস: গ্রন্থ
ভাষা:Undetermined
প্রকাশিত: NewYork Preager 1985
বিষয়গুলি:
ট্যাগগুলো: ট্যাগ যুক্ত করুন
কোনো ট্যাগ নেই, প্রথমজন হিসাবে ট্যাগ করুন!
Thư viện lưu trữ: Trung tâm Học liệu Trường Đại học Cần Thơ
LEADER 00499nam a2200193Ia 4500
001 CTU_78156
008 210402s9999 xx 000 0 und d
082 |a 338.06 
082 |b E17 
100 |a Tolley, George S. 
245 4 |a The economics of R and D policy 
245 0 |c George S. Tolley 
260 |a NewYork 
260 |b Preager 
260 |c 1985 
650 |a Research 
650 |x Economic aspects 
650 |z United States 
980 |a Trung tâm Học liệu Trường Đại học Cần Thơ